000 nam a22 7a 4500
999 _c9261
_d9261
008 180125b ||||| |||| 00| 0 eng d
100 _aRohit Publication
_95518
245 _aLanguage and Literature - X
260 _aNew Delhi
_bRohit Publication
_c2008